书目信息 |
| 题名: |
吸烟与健康
|
|
| 作者: | 刘惠荣 编译 | |
| 分册: | ||
| 出版信息: | 北京 科学出版社 1980.4 |
|
| 页数: | 46 | |
| 开本: | 32 | |
| 丛书名: | ||
| 单 册: | ||
| 中图分类: | R168 | |
| 科图分类: | ||
| 主题词: | ||
| 电子资源: | ||
| ISBN: | ||
| 000 | 00468nam0 2200181 45 | |
| 001 | 0181013029 | |
| 005 | 20060922100557.29 | |
| 010 | @dCNY0.16 | |
| 091 | @a14031.21 | |
| 100 | @a20810111d km y0chiy0120 ea | |
| 101 | 0 | @achi |
| 200 | 1 | @Axi yan yu jian kang@Fliu hui rong@a吸烟与健康@f刘惠荣编译 |
| 210 | @a北京@c科学出版社@d1980.4 | |
| 215 | @a46@c无图表@d32 | |
| 690 | @aR168 | |
| 701 | 0 | @a刘惠荣@4编译 |
| 801 | @aCN@bTSTC@c20060922 | |
| 905 | @dR168@e32@f1@b157089 | |
| 吸烟与健康/刘惠荣编译.-北京:科学出版社,1980.4 |
| 46:无图表;32 |
| ISBN :CNY0.16 |
| ● |
| 相关链接 |
|
|
|
|
正题名:吸烟与健康
索取号:R168/32
 
预约/预借
| 序号 | 登录号 | 条形码 | 馆藏地/架位号 | 状态 | 备注 |
| 1 | 0422349 | 204223492 | 密集书库/ [索取号:R168/32] | 在馆 | |
| 2 | 0452054 | 204520544 | 密集书库/ [索取号:R168/32] | 在馆 | |
| 3 | 0452055 | 204520553 | 密集书库/ [索取号:R168/32] | 在馆 |